Olimpiada matemática argentina : problemas 7 /

Guardado en:
Autor Principal: Fauring, Patricia
Otros Autores: Gutierrez, Flora
Formato: Libro
Publicado: Buenos Aires : Red Olímpica, 1997
Series:Colección Namakkal
Materias:
Etiquetas: Agregar Etiqueta
Sin Etiquetas, Sea el primero en etiquetar este registro!
LEADER 00717nam a22002175a 4500
001 CEM.cems009674
005 20090224091019.0
008 130507s1997##################000#0#####d
003 CEMS
020 |a 9879072200 
082 0 4 |a 510 
100 1 |a Fauring, Patricia 
245 1 0 |a Olimpiada matemática argentina :  |b problemas 7 /  |c Patricia Fauring, Flora Gutierrez 
260 |a Buenos Aires :  |b Red Olímpica,  |c 1997 
300 |a 142 p. 
490 0 |a Colección Namakkal 
653 |a Matemática-olimpiadas 
653 |a Matemáticas-olimpiadas 
700 1 |a Gutierrez, Flora 
859 |a CEMS  |b BIB. CEMS - 11 de abril  |h 510  |i Ol3-1  |p 19893.98  |t Ej.1  |v 7  |3 7 
859 |a CEMS  |b BIB. CEMS - 11 de abril  |h 510  |i Ol3-1  |p 22961.05  |t Ej.2  |v 7  |3 7